Logo CIB grande

MEDICINA VETERINARIA (Registro nro. 222951)

Detalles MARC
000 -LEADER
campo de control de longitud fija 00885nam a2200241Ia 4500
005 - FECHA Y HORA DE LA ÚLTIMA TRANSACCIÓN
campo de control 20250425162130.0
008 - DATOS DE LONGITUD FIJA--INFORMACIÓN GENERAL
campo de control de longitud fija 250425s9999 xx 000 0 und d
020 ## - NÚMERO INTERNACIONAL ESTÁNDAR DEL LIBRO
Número Internacional Estándar del Libro 9682519381
041 ## - CÓDIGO DE IDIOMA
Código de lengua del texto/banda sonora o título independiente spa
082 ## - NÚMERO DE LA CLASIFICACIÓN DECIMAL DEWEY
Número de clasificación 636.089
010 ## - NÚMERO DE CONTROL DE LA BIBLIOTECA DEL CONGRESO
Número de control de LC 51878
100 ## - ENTRADA PRINCIPAL--NOMBRE DE PERSONA
Nombre de persona BLOOD, D C
245 #0 - MENCIÓN DEL TÍTULO
Título MEDICINA VETERINARIA
250 ## - MENCION DE EDICION
Mención de edición 7 ED.
260 ## - PUBLICACIÓN, DISTRIBUCIÓN, ETC.
Lugar de publicación, distribución, etc. Estados Unidos
Nombre del editor, distribuidor, etc. INTERAMERICA MCGRAW HILL
Fecha de publicación, distribución, etc. 1992
260 ## - PUBLICACIÓN, DISTRIBUCIÓN, ETC.
Lugar de publicación, distribución, etc. NEW YORK
500 ## - NOTA GENERAL
Nota general EN CIBGZ-FIMCP D-30579 V.1 D-30580 V.2 PARA ING. AGROP.
520 ## - RESUMEN, ETC.
Sumario, etc. ESTE LIBRO SE TRATA DE UN ENSAYO SOBRE LOS OBJETIVOS Y PRINCIPIOS DE LA PRACTICA VETERINARIA REFERIDO A VACAS, OVEJAS, CABRAS Y CERDOS.ESTE LIBRO CONTIENE:ENFERMEDADES CAUSADAS POR VIRUS Y CLAMIDIAS, ENFERMEDADES PRODUCIDAS POR RICKETTSIAS, ENFERMEDA
650 ## - PUNTO DE ACCESO ADICIONAL DE MATERIA--TÉRMINO DE MATERIA
Término de materia o nombre geográfico como elemento de entrada DIAGNOSTICO(MEDICINA)
650 ## - PUNTO DE ACCESO ADICIONAL DE MATERIA--TÉRMINO DE MATERIA
Término de materia o nombre geográfico como elemento de entrada ENFERMEDADES DE LOS ANIMALES
650 ## - PUNTO DE ACCESO ADICIONAL DE MATERIA--TÉRMINO DE MATERIA
Término de materia o nombre geográfico como elemento de entrada MEDICINA VETERINARIA
942 ## - ELEMENTOS DE ENTRADA SECUNDARIOS (KOHA)
Tipo de ítem Koha Libros
Existencias
Estatus retirado Estado de pérdida Estado de daño No para préstamo Biblioteca de origen Biblioteca actual Fecha de adquisición Coste, precio normal de compra Total de préstamos Código de barras Copia número
        FACULTAD DE INGENIERIA MECANICA Y CIENCIAS DE LA PRODUCCION FACULTAD DE INGENIERIA MECANICA Y CIENCIAS DE LA PRODUCCION 28/01/2004 40.00   D-30580 1

Copyright 2025 ESPOL. Todos los derechos reservados.